| 000 | 00605nam a22001577a 4500 | ||
|---|---|---|---|
| 008 | 090812t xxu||||| |||| 00| 0 eng d | ||
| 040 |
_aEG-ScBUE _cEG-ScBUE |
||
| 082 |
_a303.4840962 _bق ر ن _222 |
||
| 245 |
_aتجديد الفكر المصرى عند قاسم أمين/ _cعزت قرنى |
||
| 260 |
_aالقاهرة: _bالهيئة العامة لقصور الثقافة، _c1999 |
||
| 300 |
_a؛322 ص _c20 سم |
||
| 490 |
_aمطبوعات الهيئة العامة لقصور الثقافة _v؛ 47 |
||
| 650 |
_98438 _aالمصلحون المصريون _2BUEsh |
||
| 651 | _2BUEsh | ||
| 942 |
_2ddc _cBB |
||
| 999 |
_c12573 _d12573 |
||